Harry Potter: Little Whinghing - Statistiques

Statistiques générales
  • Ce quiz a été pris 35 fois
    33 depuis la dernière actualisation
  • Le résultat moyen est 7 sur 9
Statistiques - réponses
Information Réponses % Correct
Résidents connus Famille Dursley
96%
Première apparition Harry Potter à l’école des sorciers
96%
Dernière apparition Harry Potter et les Reliques de la Mort
96%
Pays Royaume-Uni
96%
Nation Angleterre
93%
Résident connu Harry Potter
93%
Résidente connue Arabella Figg
81%
Region Surrey
56%
Résident connu Mr Prentice
11%
Aucun quiz correspondant
Distribution des résultats
% des personnes avec chaque résultat
Percentile par nombre de réponses
Votre historique - résultats
Vous n’avez pas pris ce quiz depuis la dernière actualisation